000 00513nam a2200205Ia 4500
005 20250508150327.0
008 008 250505s9999 xx 000 0 eng d
037 _aTextual
040 _aFEDL
_beng
_cFEDL
041 _aeng
_2eng
084 _a104, JOA
_qFEDL
100 _aJoad C E M
245 0 _aTestament of Joad
260 _aLondon, UK
_bFaber and Faber
_c1936
300 _a256p
365 _aINR
_b4
650 _aPhilosophy
942 _cTEXL
_h104, JOA
999 _c1323011
_d1323011